Más allá del deber (Record no. 186790)

MARC details
000 -LEADER
campo de control de longitud fija 01174nam a2200277 i 4500
001 - NÚMERO DE CONTROL
campo de control 186790
003 - IDENTIFICADOR DE NÚMERO DE CONTROL
campo de control SpMaBN
005 - FECHA Y HORA DE LA ÚLTIMA TRANSACCIÓN
campo de control 20251011063202.0
008 - DATOS DE LONGITUD FIJA--INFORMACIÓN GENERAL
campo de control de longitud fija 170215s2015 sp fo |||| |dspa d
080 ## - NÚMERO DE LA CLASIFICACIÓN DECIMAL UNIVERSAL
Número de la Clasificación Decimal Universal 94(=924:460)"19"
080 ## - NÚMERO DE LA CLASIFICACIÓN DECIMAL UNIVERSAL
Número de la Clasificación Decimal Universal 94(=411.16:4)"19"
100 1# - ENTRADA PRINCIPAL--NOMBRE DE PERSONA
Nombre de persona Lisbona, José Antonio,
Fechas asociadas al nombre 1961-
9 (RLIN) 161746
245 10 - MENCIÓN DEL TÍTULO
Título Más allá del deber
Resto del título : la respuesta humanitaria del Servicio Exterior frente al Holocausto /
Mención de responsabilidad, etc. José Antonio Lisbona.
260 ## - PUBLICACIÓN, DISTRIBUCIÓN, ETC.
Lugar de publicación, distribución, etc. [Madrid] :
Nombre del editor, distribuidor, etc. Ministerio de Asuntos Exteriores y de Cooperación, Secretaría General Técnica,
Fecha de publicación, distribución, etc. 2015.
300 ## - DESCRIPCIÓN FÍSICA
Extensión 476 p., [20] p. de lám. col. y n. ;
Dimensiones 23 cm.
500 ## - NOTA GENERAL
Nota general Índice onomástico.
504 ## - NOTA DE BIBLIOGRAFÍA, ETC.
Nota de bibliografía, etc. Bibliografía: p. 421-461.
650 #7 - PUNTO DE ACCESO ADICIONAL DE MATERIA--TÉRMINO DE MATERIA
Término de materia o nombre geográfico como elemento de entrada Judíos-
Subdivisión geográfica España-
Subdivisión general Historia-
Subdivisión cronológica S.XX.
9 (RLIN) 161747
650 #7 - PUNTO DE ACCESO ADICIONAL DE MATERIA--TÉRMINO DE MATERIA
Término de materia o nombre geográfico como elemento de entrada Judíos-
Subdivisión geográfica Europa-
Subdivisión general Historia-
Subdivisión cronológica S.XX.
9 (RLIN) 161748
710 1# - ENTRADA AGREGADA--NOMBRE DE ENTIDAD CORPORATIVA
Nombre de entidad corporativa o nombre de jurisdicción como elemento de entrada España.
Unidad subordinada Ministerio de Asuntos Exteriores y de Cooperación.
9 (RLIN) 3847
852 ## - LOCALIZACIÓN
Ubicación ES-MaACL
Número de control de estantería A-14036
itemnumber 193847
Sublocalización o colección R.151330
Ubicación en estantería Depósito 1
Signatura antigua Olim: N-7036
Donativo/Legado Donación: Real Academia Española
914 ## - NOMBRE ENTIDAD DE DONANTE
RLIN 6336
Nombre de congreso/reunión o jurisdicción como elemento de entrada Real Academia Española
Unidad subordinada Donante
942 ## - ELEMENTOS DE ENTRADA SECUNDARIOS (KOHA)
Fuente del sistema de clasificación o colocación Clasificación decimal universal
Tipo de ítem Koha Libro impreso
Holdings
Estatus retirado Estado de pérdida Fuente del sistema de clasificación o colocación Estado de daño No para préstamo Biblioteca de origen Biblioteca actual Ubicación en estantería Fecha de adquisición Fuente de adquisición Total de préstamos Signatura topográfica completa Código de barras Visto por última vez Precio de reemplazo Tipo de ítem Koha
    Clasificación decimal universal     Biblioteca del Ateneo de Madrid Biblioteca del Ateneo de Madrid Depósito 1 15/02/2017 Donación   A-14036 1197026 23/02/2023 23/02/2023 Libro impreso